| 000 | 00860nas a2200277 4500 | ||
|---|---|---|---|
| 001 | BR2015006946 | ||
| 003 | BR-BrBNA | ||
| 005 | 20231205130011.0 | ||
| 007 | ta | ||
| 008 | 230509b bl.|||p| |||| 00| 00por d | ||
| 040 |
_aBR-BrBNA _bpor _cBiblioteca Nacional de Agricultura |
||
| 041 | _a(En) | ||
| 072 | _aL74 | ||
| 100 | 1 | _aMasvingwe, C. | |
| 100 | 1 | _aMavenyengwa, M. | |
| 245 | 1 | _aToxicological evaluation of the plant xanthium strumarium in pigs in zimbabwe | |
| 650 | _aSUÍNO | ||
| 650 | _aCIENCIA ANIMAL | ||
| 650 | _aINTOXICACAO | ||
| 650 | _aPLANTA TOXICA | ||
| 650 | _aANALISE | ||
| 773 | 0 |
_tJournal of Venomous Animals and Toxins (Brazil) _xISSN 1678-4936 _g(1998), v. 4(2) p. 113-119 _wBR2015006946 |
|
| 856 | 4 | 0 | _uhttp://dx.doi.org/10.1590/S0104-79301998000200003 |
| 909 |
_a202311 _bLúcia _c55 _dLúcia Elande |
||
| 942 |
_2AGRIS _n0 _cANA |
||
| 999 |
_c247365 _d247365 |
||